00369pab a2200145 454500008004000000100001700040245004700057260000900104300001300113362001100126650003000137650000800167650001400175773003400189180718b2014 xxu||||| |||| 00| 0 eng d aSanjay Kumar aBJP crafts a new social coalition in Bihar c2014 ap.95-98. a27 Sep aElections - India - Bihar aBJP aElections aEconomic and Political Weekly